Příprava učitelů odborných předmetů pro střední školy v zemích RVHP

Enregistré dans:
Détails bibliographiques
Format: Livre
Langue:tchèque
Publié: Praha Ústav školských informací při MŠ ČSR 1987
Tags: Ajouter un tag
Pas de tags, Soyez le premier à ajouter un tag!

MARC

LEADER 00000nam a2200000 4500
001 c028723
005 20251111090709.5
041 0 |a cze 
044 |a CZ 
245 1 0 |a Příprava učitelů odborných předmetů pro střední školy v zemích RVHP 
264 1 |a Praha  |b Ústav školských informací při MŠ ČSR  |c 1987 
300 |a 102 s.